Introduction to the mathematics of operations research with Mathematica / (Record no. 8376)

MARC details
000 -LEADER
fixed length control field 01536cam a2200349 a 4500
001 - CONTROL NUMBER
control field 14206754
003 - CONTROL NUMBER IDENTIFIER
control field OSt
005 - DATE AND TIME OF LATEST TRANSACTION
control field 20240611121902.0
008 - FIXED-LENGTH DATA ELEMENTS--GENERAL INFORMATION
fixed length control field 051221s2006 flua b 001 0 eng
010 ## - LIBRARY OF CONGRESS CONTROL NUMBER
LC control number 2005056055
020 ## - INTERNATIONAL STANDARD BOOK NUMBER
International Standard Book Number 1574446126 (alk. paper)
020 ## - INTERNATIONAL STANDARD BOOK NUMBER
International Standard Book Number 9781574446128
035 ## - SYSTEM CONTROL NUMBER
System control number (OCoLC)ocm62782264
040 ## - CATALOGING SOURCE
Original cataloging agency DLC
Transcribing agency must
Modifying agency BAKER
-- C#P
-- NLGGC
-- DLC
082 00 - DEWEY DECIMAL CLASSIFICATION NUMBER
Classification number 510 HAS 2006
Edition number 22
084 ## - OTHER CLASSIFICATION NUMBER
Classification number 30.10
Number source bcl
100 1# - MAIN ENTRY--PERSONAL NAME
Personal name Hastings, Kevin J.,
Dates associated with a name 1955-
9 (RLIN) 17037
245 10 - TITLE STATEMENT
Title Introduction to the mathematics of operations research with Mathematica /
Statement of responsibility, etc. Kevin J. Hastings.
250 ## - EDITION STATEMENT
Edition statement 2nd ed.
260 ## - PUBLICATION, DISTRIBUTION, ETC. (IMPRINT)
Place of publication, distribution, etc. Boca Raton, FL :
Name of publisher, distributor, etc. Chapman & Hall/CRC,
Date of publication, distribution, etc. 2006.
300 ## - PHYSICAL DESCRIPTION
Extent xix, 567 p. :
Other physical details ill. ;
Dimensions 24 cm. +
Accompanying material 1 CD-ROM (4 3/4 in.).
440 #0 - SERIES STATEMENT/ADDED ENTRY--TITLE
Title Monographs and textbooks in pure and applied mathematics
9 (RLIN) 17038
500 ## - GENERAL NOTE
General note Previous ed. published as: Introduction to the mathematics of operations research.
504 ## - BIBLIOGRAPHY, ETC. NOTE
Bibliography, etc Includes bibliographical references (p. 558-561) and index.
630 00 - SUBJECT ADDED ENTRY--UNIFORM TITLE
Uniform title Mathematica (Computer file)
9 (RLIN) 5189
650 #0 - SUBJECT ADDED ENTRY--TOPICAL TERM
Topical term or geographic name as entry element Operations research
General subdivision Mathematics.
9 (RLIN) 17039
700 1# - ADDED ENTRY--PERSONAL NAME
Personal name Hastings, Kevin J.,
Dates associated with a name 1955-
Title of a work Introduction to the mathematics of operations research.
9 (RLIN) 17040
856 42 - ELECTRONIC LOCATION AND ACCESS
Materials specified Publisher description
Uniform Resource Identifier http://www.loc.gov/catdir/enhancements/fy0648/2005056055-d.html
906 ## - LOCAL DATA ELEMENT F, LDF (RLIN)
a 7
b cbc
c orignew
d 1
e ocip
f 20
g y-gencatlg
942 ## - ADDED ENTRY ELEMENTS (KOHA)
Source of classification or shelving scheme Other/Generic Classification Scheme
Koha item type Open Shelf
Holdings
Withdrawn status Lost status Source of classification or shelving scheme Damaged status Not for loan Home library Current library Date acquired Inventory number Total Checkouts Full call number Barcode Date last seen Price effective from Koha item type Source of acquisition
    Dewey Decimal Classification     MUST Main Library MUST Main Library 11/06/2024 11/33547   510 HAS 2006 2024-20271 11/06/2024 11/06/2024 Open Shelf  
    Other/Generic Classification Scheme     MUST Main Library MUST Main Library 17/06/2024 11/33546   510 HAS 2006 2024-20646 17/06/2024 17/06/2024 Open Shelf Purchase